| 000 | 01003cam a2200265 4500 | ||
|---|---|---|---|
| 001 | ABS61405 | ||
| 008 | 000000n1999 000 0 eng u | ||
| 035 | _a(Sirsi) u100596 | ||
| 100 | _aAlderson, F. | ||
| 245 | 2 | _aA transfer market with plenty of offside rules | |
| 260 | _c1999 | ||
| 490 |
_aConstruction News _v(6635) September 1999, 23(1) |
||
| 520 | _aSince the Transfer of Undertakings (Protection of Employment) Regulations 1981 (TUPE) there has been uncertainty as to how to apply the regulations. The rights of those employees affected by the takeover of one company by another must be considered. Summarises TUPE and looks at case law. | ||
| 590 | _aABS | ||
| 650 | _aTRANSFER OF UNDERTAKINGS (PROTECTION OF EMPLOYMENT) REGULATIONS 1981 | ||
| 650 | _aTUPE | ||
| 650 | _aECM V COX | ||
| 650 | _aBETTS V BRINTEL HELICOPTERS | ||
| 650 | _aEMPLOYEE RIGHTS | ||
| 650 | _aBUSINESS TRANSFERS | ||
| 650 | _aEMPLOYMENT LAW | ||
| 690 | _aLAW | ||
| 700 | _aGoodwyn, E. | ||
| 942 | _n0 | ||
| 999 |
_c60182 _d60182 |
||